Vista normal
Vista MARC
Entrada Nombre personal
Número de registros utilizados en: 4
001 - NÚMERO DE CONTROL
- campo de control: 78626
003 - IDENTIFICADOR DEL NÚMERO DE CONTROL
- campo de control: DO-SdBNP
005 - FECHA Y HORA DE LA ÚLTIMA TRANSACCIÓN
- campo de control: 20210519110706.0
008 - DATOS DE LONGITUD FIJA
- campo de control de longitud fija: 210519|| aca||aabn | a|a d
040 ## - FUENTE DE LA CATALOGACIÓN
- Centro catalogador/agencia de origen: DO-SdBNP
- Centro/agencia transcriptor: DO-SdBNP
100 ## - ENCABEZAMIENTO-NOMBRE DE PERSONA
- Nombre de persona: Alexander Ramírez Paulino, Alina Miéses, Alfredo Olaverría, Juliana Rodríguez, César de la Crúz, Elvis Lantigua, Wily Ortiz
670 ## - FUENTE DE DATOS ENCONTRADOS
- Cita de la fuente: Work cat.: (DO-SdBNP)49826: República Dominicana : Ministerio de Obras Públicas y Comunicaciones MOPC 74825, Memorias del primer año del cuatrenio 2012-2016 /, 2013.
